Finland : 2007 Article IV Consultation; Staff Report; Staff Statement and Supplement; Public Information Notice on the Executive Board Discussion; and Statement by the Executive Director for Finland.

This 2007 Article IV Consultation highlights that growth in Finland has outpaced the euro area average. Inflation is among the lowest in the European Union, and the external current account and general government budget are both comfortably in surplus. The labor market has improved markedly since 20...

Descripción completa

Detalles Bibliográficos
Autor Corporativo: International Monetary Fund
Formato: Revista
Lenguaje:English
Publicado: Washington, D.C. : International Monetary Fund, 2007.
Colección:IMF Staff Country Reports; Country Report ; No. 2007/279
Acceso en línea:Full text available on IMF
LEADER 01692cas a2200241 a 4500
001 AALejournalIMF009521
008 230101c9999 xx r poo 0 0eng d
020 |c 5.00 USD 
020 |z 9781451813289 
022 |a 1934-7685 
040 |a BD-DhAAL  |c BD-DhAAL 
110 2 |a International Monetary Fund. 
245 1 0 |a Finland :   |b 2007 Article IV Consultation; Staff Report; Staff Statement and Supplement; Public Information Notice on the Executive Board Discussion; and Statement by the Executive Director for Finland. 
264 1 |a Washington, D.C. :  |b International Monetary Fund,  |c 2007. 
300 |a 1 online resource (52 pages) 
490 1 |a IMF Staff Country Reports 
500 |a <strong>Off-Campus Access:</strong> No User ID or Password Required 
500 |a <strong>On-Campus Access:</strong> No User ID or Password Required 
506 |a Electronic access restricted to authorized BRAC University faculty, staff and students 
520 3 |a This 2007 Article IV Consultation highlights that growth in Finland has outpaced the euro area average. Inflation is among the lowest in the European Union, and the external current account and general government budget are both comfortably in surplus. The labor market has improved markedly since 2005, with rising participation rates and comparatively strong employment growth. The unemployment rate has dipped below the euro area average, and hovers near estimates of the structural unemployment rate. 
538 |a Mode of access: Internet 
830 0 |a IMF Staff Country Reports; Country Report ;  |v No. 2007/279 
856 4 0 |z Full text available on IMF  |u http://elibrary.imf.org/view/journals/002/2007/279/002.2007.issue-279-en.xml  |z IMF e-Library